Programmed problems in thermodynamics / (Record no. 84080)
[ view plain ]
| 000 -LEADER | |
|---|---|
| fixed length control field | 00814nam a22002531 4500 |
| 001 - CONTROL NUMBER | |
| control field | 84080 |
| 003 - CONTROL NUMBER IDENTIFIER | |
| rucl marc code | BD-RjUL |
| 005 - DATE AND TIME OF LATEST TRANSACTION | |
| control field | 20241006104526.0 |
| 008 - FIXED-LENGTH DATA ELEMENTS--GENERAL INFORMATION | |
| fixed length control field | 241006s1967 enk bp 000 0 eng |
| 035 ## - SYSTEM CONTROL NUMBER | |
| System control number | (BD-RjUL)84080 |
| 040 ## - CATALOGING SOURCE | |
| Original cataloging agency | DLC |
| Transcribing agency | DLC |
| Modifying agency | DLC |
| -- | BD-RjUL |
| Language of cataloging | eng |
| 041 ## - LANGUAGE CODE | |
| Language code of text/sound track or separate title | eng |
| 082 00 - DEWEY DECIMAL CLASSIFICATION NUMBER | |
| Edition number | 23 |
| Classification number | 536.7076 |
| Author mark and year | BRP 1967 |
| 100 1# - MAIN ENTRY--PERSONAL NAME | |
| Personal name | Braun, Ernest, |
| Dates associated with a name | 1925- |
| 9 (RLIN) | 13716 |
| 245 10 - TITLE STATEMENT | |
| Title | Programmed problems in thermodynamics / |
| Statement of responsibility, etc. | [by] E. Braun [and] E. T. Wait. |
| 260 ## - PUBLICATION, DISTRIBUTION, ETC. (IMPRINT) | |
| Place of publication, distribution, etc. | London : |
| -- | New York : |
| Name of publisher, distributor, etc. | McGraw-Hill, |
| Date of publication, distribution, etc. | 1967 |
| 300 ## - PHYSICAL DESCRIPTION | |
| Pagination | x, 186 p.: |
| Illustrations | ill.; |
| Size | 25 cm. |
| 350 ## - PRICE (NR) (BK AM CF MU VM SE) [OBSOLETE] | |
| Price | unpriced |
| 504 ## - BIBLIOGRAPHY, ETC. NOTE | |
| Bibliography, etc | Bibliography: p. 185. |
| 650 #0 - SUBJECT ADDED ENTRY--TOPICAL TERM | |
| Topical term or geographic name as entry element | Thermodynamics |
| General subdivision | Problems, exercises, etc. |
| 9 (RLIN) | 13718 |
| Topical term or geographic name as entry element | Thermodynamics |
| General subdivision | Programmed instruction. |
| 9 (RLIN) | 13717 |
| 700 1# - ADDED ENTRY--PERSONAL NAME | |
| Personal name | Wait, Eric Thomas, |
| Relator term | joint author. |
| 942 ## - ADDED ENTRY ELEMENTS (KOHA) | |
| Source of classification or shelving scheme | Dewey Decimal Classification |
| Koha item type | Books |
| Lost status | Source of classification or shelving scheme | Damaged status | Not for loan | Collection code | Permanent Location | Current Location | Shelving location | Date acquired | Source of acquisition | Total Checkouts | Full call number | Date last seen | Copy number | Koha item type |
|---|---|---|---|---|---|---|---|---|---|---|---|---|---|---|
| Dewey Decimal Classification | Not For Loan | Non-fiction | Central Library, University of Rajshahi | Central Library, University of Rajshahi | Reading Room | 19/09/2024 | R.U. | 536.7076 BRP 1967 | 06/10/2024 | C-1 | Books | |||
| Dewey Decimal Classification | Non-fiction | Central Library, University of Rajshahi | Central Library, University of Rajshahi | General Stacks | 19/09/2024 | R.U. | 536.7076 BRP 1967 | 06/10/2024 | C-2 | Books |